000 00636nam a2200157 i 4500
001 110530
003 ES-MaACL
005 20230906185057.0
007 t|
008 070129s1882 sp ||||1| spa d
100 1 _aBragat, José.
_931283
245 1 0 _aProyecto de una casa para guardas de monte y capataces de cultivos en la dehesa del Moncayo de Tarazona /
_cpor José Bragat.
260 _aMadrid :
_b[s.n.],
_c1882 (
_fImpr. de Moreno y Rojas)
300 _a30 p. ;
_c23 cm.
852 _aES-MaACL
_jG-9534(9)
_q. - Enc. en un vol. facticio, formando parte de la col. facticia: "Revista de montes. Varios sobre montes, 1880-83, II"
999 _c110530
_d110530